| 000 -LEADER |
| fixed length control field |
01513 a2200193 4500 |
| 008 - FIXED-LENGTH DATA ELEMENTS--GENERAL INFORMATION |
| fixed length control field |
230621b ||||| |||| 00| 0 eng d |
| 020 ## - INTERNATIONAL STANDARD BOOK NUMBER |
| International Standard Book Number |
9788120349469 |
| Terms of availability |
Rs795.00 |
| 041 0# - LANGUAGE CODE |
| Language code of text/sound track or separate title |
eng |
| 082 00 - DEWEY DECIMAL CLASSIFICATION NUMBER |
| Classification number |
001.42 |
| Item number |
P194 |
| 100 ## - MAIN ENTRY--PERSONAL NAME |
| Personal name |
Panneerselvam, R |
| 245 ## - TITLE STATEMENT |
| Title |
Research Methodology / |
| 250 ## - EDITION STATEMENT |
| Edition statement |
2nd ed. |
| 260 ## - PUBLICATION, DISTRIBUTION, ETC. (IMPRINT) |
| Place of publication, distribution, etc |
Delhi, |
| Name of publisher, distributor, etc |
PHI Learning Pvt. Ltd., |
| Date of publication, distribution, etc |
2023. |
| 300 ## - PHYSICAL DESCRIPTION |
| Extent |
xvi, 699 p. : |
| Other physical details |
ill. ; |
| Dimensions |
24 cm |
| 505 0# - FORMATTED CONTENTS NOTE |
| Formatted contents note |
1. Overview of Research Methodology<br/><br/>2. Data Collection and Presentation<br/><br/>3. Review of Basic Statistical Measures<br/><br/>4. Design and Analysis of Experiments<br/><br/>5. Attitude Measurement and Scales<br/><br/>6. Probability Distributions<br/><br/>7. Sampling Methods and Distributions<br/><br/>8. Tests of Hypotheses<br/><br/>9. Nonparametric Tests<br/><br/>10. Basic Multivariate Analysis<br/><br/>11. Advanced Multivariate Analysis<br/><br/>12. Multidimensional Scaling and Conjoint Analysis<br/><br/>13. Algorithmic Research<br/><br/>14. Models for Industries and Public Systems<br/><br/>15. Simulation<br/><br/>16. Report Writing and Presentation<br/><br/>17. Introduction to SPSS<br/> |
| 520 ## - SUMMARY, ETC. |
| Summary, etc |
This comprehensive text designed for MBA, MCom, MA (Economics), MA (Sociology) and PhD (Management, Commerce, Economics, and Engineering) courses continues to give complete account of concepts and statistical tools of research methodology in its Second Edition. The textbook also serves as a reference for consultants to carryout projects/consultancies in industries or service organizations.<br/><br/> |
| 650 #0 - SUBJECT ADDED ENTRY--TOPICAL TERM |
| Topical term or geographic name as entry element |
Research Methodology |
| 942 ## - ADDED ENTRY ELEMENTS (KOHA) |
| Source of classification or shelving scheme |
|
| Item type |
Books |